header

M. Porci Catonis De agri cultura (Record no. 210086)

MARC details
000 -LEADER
fixed length control field 01365nam a2200337 a 4500
100 1# - MAIN ENTRY--AUTHOR NAME
Personal name Cato, Marcus Porcius,
245 10 - TITLE STATEMENT
Title M. Porci Catonis De agri cultura
260 ## - PUBLICATION, DISTRIBUTION, ETC. (IMPRINT)
Place of publication Lipsiae :
Name of publisher Teubner,
Year of publication 1962.
300 ## - PHYSICAL DESCRIPTION
Number of Pages cxxxv, 138 p., [12] p. of plates :
Other physical details facsims.
650 #0 - SUBJECT ADDED ENTRY--TOPICAL TERM
Topical Term Agriculture
700 1# - ADDED ENTRY--PERSONAL NAME
Personal name Mazzarino, Antonio.
856 40 - ELECTRONIC LOCATION AND ACCESS
Uniform Resource Identifier http://site.ebrary.com/lib/rucke/Doc?id=10591374

No items available.

© 2026 Rongo University
Contact us: librarian | system librarian | Rongo university